Statistics for Countries with the Strictest Sentences for Illegal Gun Use

Click here to take the quiz!

General Stats

  • This quiz has been taken 49 times
  • The average score is 9 of 18

Answer Stats

Length of sentence Country % Correct
15 yearsJapan
82%
10 yearsCanada
75%
Potentially Life imprisonmentIndia
73%
Potentially Life imprisonmentAustralia
70%
10 yearsSouth Korea
70%
10 yearsUnited States
70%
20 years or deathNorth Korea
66%
14 yearsSingapore
66%
10 yearsGermany
57%
20 years or deathIndonesia
50%
10 yearsIsrael
45%
15 yearsSouth Africa
41%
14 yearsMalaysia
41%
10 yearsThailand
36%
Potentially Life imprisonmentEgypt
30%
10 yearsChile
20%
15 yearsKenya
14%
10 yearsHonduras
9%

Score Distribution

Percentile by Number Answered

Percent of People with Each Score

Your Score History

You have not taken this quiz